000 00345nam a22001457a 4500
008 210518b ||||| |||| 00| 0 eng d
020 _a0201144296
041 _aeng
080 _22nd
_a621
082 _2
_a621
100 _a26
101 _aMEK
245 _aElectrical Engineering Concepts and Applications
_cCarlson,A.B
942 _2udc
_cBK
999 _c57435
_d57435